<?xml version="1.0" encoding="UTF-8"?>
<record
    xmlns:xsi="http://www.w3.org/2001/XMLSchema-instance"
    xsi:schemaLocation="http://www.loc.gov/MARC21/slim http://www.loc.gov/standards/marcxml/schema/MARC21slim.xsd"
    xmlns="http://www.loc.gov/MARC21/slim">

  <leader>00472    a2200169   4500</leader>
  <controlfield tag="005">20250416130728.0</controlfield>
  <datafield tag="020" ind1=" " ind2=" ">
    <subfield code="a">978-0-07-337962-3</subfield>
  </datafield>
  <datafield tag="082" ind1=" " ind2=" ">
    <subfield code="a">657.96 DOU</subfield>
  </datafield>
  <datafield tag="100" ind1=" " ind2=" ">
    <subfield code="a">DOUPNIK, T.</subfield>
  </datafield>
  <datafield tag="245" ind1=" " ind2=" ">
    <subfield code="a">International Accounting.</subfield>
  </datafield>
  <datafield tag="250" ind1=" " ind2=" ">
    <subfield code="a">2nd Ed.</subfield>
  </datafield>
  <datafield tag="260" ind1=" " ind2=" ">
    <subfield code="a">New York,</subfield>
    <subfield code="b">Macgraw- Hill Irwin,</subfield>
    <subfield code="c">2009.</subfield>
  </datafield>
  <datafield tag="300" ind1=" " ind2=" ">
    <subfield code="a">xvi,640p.:Ill.;figures</subfield>
    <subfield code="b">Index</subfield>
    <subfield code="c">25cm.</subfield>
  </datafield>
  <datafield tag="700" ind1=" " ind2=" ">
    <subfield code="a">PERERA, H.</subfield>
  </datafield>
  <datafield tag="856" ind1=" " ind2=" ">
    <subfield code="y">Access Online Book</subfield>
    <subfield code="f">International Accounting</subfield>
    <subfield code="d">www.mhhe.com</subfield>
  </datafield>
  <datafield tag="942" ind1=" " ind2=" ">
    <subfield code="2">ddc</subfield>
    <subfield code="c">BKS</subfield>
  </datafield>
  <datafield tag="999" ind1=" " ind2=" ">
    <subfield code="c">1526</subfield>
    <subfield code="d">1526</subfield>
  </datafield>
  <datafield tag="952" ind1=" " ind2=" ">
    <subfield code="r">2025-04-16 13:08:40</subfield>
    <subfield code="l">0</subfield>
    <subfield code="o">657.96 DOU</subfield>
    <subfield code="p">0000005850</subfield>
    <subfield code="v">150000.00</subfield>
    <subfield code="w">2025-04-16</subfield>
    <subfield code="y">BKS</subfield>
    <subfield code="1">0</subfield>
    <subfield code="2">ddc</subfield>
    <subfield code="4">0</subfield>
    <subfield code="7">0</subfield>
    <subfield code="0">0</subfield>
    <subfield code="a">CBEML</subfield>
    <subfield code="b">CBEML</subfield>
    <subfield code="c">GEN</subfield>
    <subfield code="d">2025-04-16</subfield>
    <subfield code="g">50000.00</subfield>
  </datafield>
  <datafield tag="952" ind1=" " ind2=" ">
    <subfield code="r">2025-04-16 13:08:40</subfield>
    <subfield code="l">0</subfield>
    <subfield code="o">657.96 DOU</subfield>
    <subfield code="p">0000005851</subfield>
    <subfield code="v">150000.00</subfield>
    <subfield code="w">2025-04-16</subfield>
    <subfield code="y">BKS</subfield>
    <subfield code="1">0</subfield>
    <subfield code="2">ddc</subfield>
    <subfield code="4">0</subfield>
    <subfield code="7">0</subfield>
    <subfield code="0">0</subfield>
    <subfield code="a">CBEML</subfield>
    <subfield code="b">CBEML</subfield>
    <subfield code="c">GEN</subfield>
    <subfield code="d">2025-04-16</subfield>
    <subfield code="g">50000.00</subfield>
  </datafield>
  <datafield tag="952" ind1=" " ind2=" ">
    <subfield code="r">2025-04-16 13:08:40</subfield>
    <subfield code="l">0</subfield>
    <subfield code="o">657.96 DOU</subfield>
    <subfield code="p">0000005852</subfield>
    <subfield code="v">150000.00</subfield>
    <subfield code="w">2025-04-16</subfield>
    <subfield code="y">BKS</subfield>
    <subfield code="1">0</subfield>
    <subfield code="2">ddc</subfield>
    <subfield code="4">0</subfield>
    <subfield code="7">0</subfield>
    <subfield code="0">0</subfield>
    <subfield code="a">CBEML</subfield>
    <subfield code="b">CBEML</subfield>
    <subfield code="c">GEN</subfield>
    <subfield code="d">2025-04-16</subfield>
    <subfield code="g">50000.00</subfield>
  </datafield>
  <datafield tag="952" ind1=" " ind2=" ">
    <subfield code="r">2025-04-16 13:08:40</subfield>
    <subfield code="l">0</subfield>
    <subfield code="o">657.96 DOU</subfield>
    <subfield code="p">0000005853</subfield>
    <subfield code="v">150000.00</subfield>
    <subfield code="w">2025-04-16</subfield>
    <subfield code="y">BKS</subfield>
    <subfield code="1">0</subfield>
    <subfield code="2">ddc</subfield>
    <subfield code="4">0</subfield>
    <subfield code="7">0</subfield>
    <subfield code="0">0</subfield>
    <subfield code="a">CBEML</subfield>
    <subfield code="b">CBEML</subfield>
    <subfield code="c">GEN</subfield>
    <subfield code="d">2025-04-16</subfield>
    <subfield code="g">50000.00</subfield>
  </datafield>
  <datafield tag="952" ind1=" " ind2=" ">
    <subfield code="r">2025-04-16 13:08:40</subfield>
    <subfield code="l">0</subfield>
    <subfield code="o">657.96 DOU</subfield>
    <subfield code="p">0000005854</subfield>
    <subfield code="v">150000.00</subfield>
    <subfield code="w">2025-04-16</subfield>
    <subfield code="y">BKS</subfield>
    <subfield code="1">0</subfield>
    <subfield code="2">ddc</subfield>
    <subfield code="4">0</subfield>
    <subfield code="7">0</subfield>
    <subfield code="0">0</subfield>
    <subfield code="a">CBEML</subfield>
    <subfield code="b">CBEML</subfield>
    <subfield code="c">GEN</subfield>
    <subfield code="d">2025-04-16</subfield>
    <subfield code="g">50000.00</subfield>
  </datafield>
  <datafield tag="952" ind1=" " ind2=" ">
    <subfield code="r">2025-04-16 13:08:40</subfield>
    <subfield code="l">0</subfield>
    <subfield code="o">657.96 DOU</subfield>
    <subfield code="p">0000005855</subfield>
    <subfield code="v">150000.00</subfield>
    <subfield code="w">2025-04-16</subfield>
    <subfield code="y">BKS</subfield>
    <subfield code="1">0</subfield>
    <subfield code="2">ddc</subfield>
    <subfield code="4">0</subfield>
    <subfield code="7">0</subfield>
    <subfield code="0">0</subfield>
    <subfield code="a">CBEML</subfield>
    <subfield code="b">CBEML</subfield>
    <subfield code="c">GEN</subfield>
    <subfield code="d">2025-04-16</subfield>
    <subfield code="g">50000.00</subfield>
  </datafield>
  <datafield tag="952" ind1=" " ind2=" ">
    <subfield code="r">2025-04-16 13:08:40</subfield>
    <subfield code="l">0</subfield>
    <subfield code="o">657.96 DOU</subfield>
    <subfield code="p">0000005856</subfield>
    <subfield code="v">150000.00</subfield>
    <subfield code="w">2025-04-16</subfield>
    <subfield code="y">BKS</subfield>
    <subfield code="1">0</subfield>
    <subfield code="2">ddc</subfield>
    <subfield code="4">0</subfield>
    <subfield code="7">0</subfield>
    <subfield code="0">0</subfield>
    <subfield code="a">CBEML</subfield>
    <subfield code="b">CBEML</subfield>
    <subfield code="c">GEN</subfield>
    <subfield code="d">2025-04-16</subfield>
    <subfield code="g">50000.00</subfield>
  </datafield>
  <datafield tag="952" ind1=" " ind2=" ">
    <subfield code="r">2025-04-16 13:08:40</subfield>
    <subfield code="l">0</subfield>
    <subfield code="o">657.96 DOU</subfield>
    <subfield code="p">0000005857</subfield>
    <subfield code="v">150000.00</subfield>
    <subfield code="w">2025-04-16</subfield>
    <subfield code="y">BKS</subfield>
    <subfield code="1">0</subfield>
    <subfield code="2">ddc</subfield>
    <subfield code="4">0</subfield>
    <subfield code="7">0</subfield>
    <subfield code="0">0</subfield>
    <subfield code="a">CBEML</subfield>
    <subfield code="b">CBEML</subfield>
    <subfield code="c">GEN</subfield>
    <subfield code="d">2025-04-16</subfield>
    <subfield code="g">50000.00</subfield>
  </datafield>
  <datafield tag="952" ind1=" " ind2=" ">
    <subfield code="r">2025-04-16 13:08:40</subfield>
    <subfield code="l">0</subfield>
    <subfield code="o">657.96 DOU</subfield>
    <subfield code="p">0000005858</subfield>
    <subfield code="v">150000.00</subfield>
    <subfield code="w">2025-04-16</subfield>
    <subfield code="y">BKS</subfield>
    <subfield code="1">0</subfield>
    <subfield code="2">ddc</subfield>
    <subfield code="4">0</subfield>
    <subfield code="7">0</subfield>
    <subfield code="0">0</subfield>
    <subfield code="a">CBEML</subfield>
    <subfield code="b">CBEML</subfield>
    <subfield code="c">GEN</subfield>
    <subfield code="d">2025-04-16</subfield>
    <subfield code="g">50000.00</subfield>
  </datafield>
  <datafield tag="952" ind1=" " ind2=" ">
    <subfield code="r">2025-04-16 13:08:40</subfield>
    <subfield code="l">0</subfield>
    <subfield code="o">657.96 DOU</subfield>
    <subfield code="p">0000005859</subfield>
    <subfield code="v">150000.00</subfield>
    <subfield code="w">2025-04-16</subfield>
    <subfield code="y">BKS</subfield>
    <subfield code="1">0</subfield>
    <subfield code="2">ddc</subfield>
    <subfield code="4">0</subfield>
    <subfield code="7">0</subfield>
    <subfield code="0">0</subfield>
    <subfield code="a">CBEML</subfield>
    <subfield code="b">CBEML</subfield>
    <subfield code="c">GEN</subfield>
    <subfield code="d">2025-04-16</subfield>
    <subfield code="g">50000.00</subfield>
  </datafield>
</record>
